000 00647nam a2200241 a 4500
001 0001-1086
003 ELIB.Books
008 150114 2010 eng
020 _a0849999936
035 _a(ELIB.Books)0001-1241
092 _a248.4
_bMor
100 _aMorris, Harold
245 _aBeyond the Barriers
_bOvercoming Hard Times Through Tough Faith
260 _aPomona/Califonia
_bFocus on the Family
_c1987
300 _a182
_c21.5
500 _aC/o Moe Lwai
650 _aChristian Life
856 _nKBTS; Library
_uKBTS; Elib.
942 _2ddc
_cBK
990 _a1
998 _cbat
_e2015-01-14
999 _c11086
_d11086